<?xml version="1.0" encoding="UTF-8"?>
<record
    xmlns:xsi="http://www.w3.org/2001/XMLSchema-instance"
    xsi:schemaLocation="http://www.loc.gov/MARC21/slim http://www.loc.gov/standards/marcxml/schema/MARC21slim.xsd"
    xmlns="http://www.loc.gov/MARC21/slim">

  <leader>01455cam a2200229Ia 4500</leader>
  <datafield tag="020" ind1=" " ind2=" ">
    <subfield code="a">0663443830 (Student text)</subfield>
  </datafield>
  <datafield tag="020" ind1=" " ind2=" ">
    <subfield code="a">0663444063 (Teacher's ed.)</subfield>
  </datafield>
  <datafield tag="020" ind1=" " ind2=" ">
    <subfield code="a">0663443873 (Teacher's ed., skillpack masters)</subfield>
  </datafield>
  <datafield tag="020" ind1=" " ind2=" ">
    <subfield code="a">0663443903 (Teacher's ed., study book)</subfield>
  </datafield>
  <datafield tag="020" ind1=" " ind2=" ">
    <subfield code="a">0663443997 (Unit test, form A)</subfield>
  </datafield>
  <datafield tag="020" ind1=" " ind2=" ">
    <subfield code="a">0663444020 (Unit test, form B)</subfield>
  </datafield>
  <datafield tag="040" ind1=" " ind2=" ">
    <subfield code="c">TXA</subfield>
  </datafield>
  <datafield tag="082" ind1=" " ind2=" ">
    <subfield code="a">372 GIN 1987 A079 Or.</subfield>
  </datafield>
  <datafield tag="100" ind1="1" ind2=" ">
    <subfield code="a">Clymer, Theodore</subfield>
  </datafield>
  <datafield tag="245" ind1="1" ind2="0">
    <subfield code="a">Ride the sunrise /</subfield>
  </datafield>
  <datafield tag="260" ind1=" " ind2=" ">
    <subfield code="a">Lexington, Mass. :</subfield>
    <subfield code="b">Ginn and Co.,</subfield>
    <subfield code="c">c1987</subfield>
  </datafield>
  <datafield tag="300" ind1=" " ind2=" ">
    <subfield code="a">527 p. :</subfield>
    <subfield code="b">col. ill. ;</subfield>
    <subfield code="c">24 cm. +</subfield>
    <subfield code="e">teacher's ed. + teacher's ed., skillpack masters + teacher's ed., study book + unit tests (2 v.) + teacher's ed. II (box)</subfield>
  </datafield>
  <datafield tag="500" ind1=" " ind2=" ">
    <subfield code="a">Teacher's ed. II box contains manual and key for: Placement test, Informal reading inventory, Level test (levels 1-6), Mid-level test; Teacher's ed. booster activities (levels 2-6); Reading progress card; Pupil profile card; Management system user's manual (Apple version); Ginn reading program and Texas essential elements; Ginn reading program and Texas educational assessment of minimum skills; Ginn reading program: Materials chart and Scope and sequence; Teacher's eds. for: Wall charts, Language support masters, Reading skills support program, Parent/home newspaper, Parent/home activity sheets, Word card index; Ginn reading program bibliography</subfield>
  </datafield>
  <datafield tag="500" ind1=" " ind2=" ">
    <subfield code="a">Grade 5</subfield>
  </datafield>
  <datafield tag="650" ind1=" " ind2="0">
    <subfield code="a">Readers (Elementary)</subfield>
  </datafield>
  <datafield tag="942" ind1=" " ind2=" ">
    <subfield code="c">EK</subfield>
  </datafield>
  <datafield tag="999" ind1=" " ind2=" ">
    <subfield code="c">15890</subfield>
    <subfield code="d">15890</subfield>
  </datafield>
  <datafield tag="952" ind1=" " ind2=" ">
    <subfield code="0">0</subfield>
    <subfield code="1">0</subfield>
    <subfield code="4">0</subfield>
    <subfield code="6">372_000000000000000_GIN_1987_A079_OR</subfield>
    <subfield code="7">0</subfield>
    <subfield code="9">69648</subfield>
    <subfield code="a">LBA</subfield>
    <subfield code="b">LBA</subfield>
    <subfield code="c">A079</subfield>
    <subfield code="d">2017-12-15</subfield>
    <subfield code="o">372 GIN 1987 A079 Or.</subfield>
    <subfield code="p">A12021</subfield>
    <subfield code="r">2017-12-15</subfield>
    <subfield code="w">2017-12-15</subfield>
    <subfield code="y">EK</subfield>
  </datafield>
</record>
